01236nam a2200373 a 4500003000900000005001700009008004100026040001300067100002100080245007100101260007400172300001900246500002500265500014900290650002100439650002700460650002400487650002800511651001000539651001400549651001100563651001300574651001100587651001200598653002600610653001200636653002800648653002900676700001600705942000700721998001100728999001700739952010600756AR-BaBNM20251128210937.0082120s2002 ||||||||||||||000 | spa|| cAR-BaBNM1 aLorfing, Irène00aDevelopment since JomtienbEFA in the Middle East and North Africa aParisbUnesco. International Institute for Educational Planningc1995 a188 p.btablas aContiene apéndices aInforme del seminario "Educación para todos: cuatro años después de Jomtien" realizado en Amman, Jordania, del 19 al 22 de octubre de 1994 4aEDUCACION BASICA 4aPROGRAMAS DE EDUCACION 4aEDUCACION COMPARADA 4aCALIDAD DE LA EDUCACION 4aSiria 4aPalestina 4aEgipto 4aJordania 4aOmán 4aSudán aMARGINACION EDUCATIVA aEQUIDAD aESTADISTICAS EDUCATIVAS aFINANCIAMIENTO EDUCATIVO1 aGovinda, R. cBK cRAQUEL c17569d17569 00102ddc405171aLPLbLPLd2025-11-28l0o37[4/9] LORp127950r2025-11-28 21:09:37w2025-11-28yBK